000 01369nam a22003617a 4500
003 CHAP
005 20220329143341.0
008 081103s2007 mx r 00010 spa d
010 _a95342
011 _a96314
035 _a106964
040 _cCHAP
090 _aTesis
100 1 _aAlbor Ruiz, Magali Catalina
_93502
245 1 0 _aDiagnóstico y evaluación de los recursos naturales y culturales de Santa Catarina del Monte, Texcoco Estado de México
_c/por Magali Catalina Albor Ruiz
260 _aChapingo, Méx. :
_bEl autor,
_c2007
300 _a183 h. :
_bcuadros, gráfs., ilus., mapas
502 _aTesis (Lic. en Turismo) -- Universidad Autónoma del Estado de México
590 _aALEPH
_b10
_c20130110
_lUCH01
_h1525
590 _aBATCH-UPD
_b10
_c20130110
_lUCH01
_h0544
590 _aBATCH-UPD
_b10
_c20130410
_lUCH01
_h0225
590 _aBATCH-UPD
_b10
_c20130913
_lUCH01
_h2347
590 _aCONVERSION
_b10
_c20130109
_lUCH01
_h1353
650 1 4 _aComunidad
_xOrganización.
_926248
650 1 4 _aDesarrollo de la comunidad
_xMéxico (Edo.)
_931972
650 1 4 _aEcoturismo.
_935298
650 1 4 _aRecursos forestales
_xMéxico (Edo.)
_995055
650 1 4 _aRecursos naturales
_xConservación
_zMéxico (Edo.).
_995266
901 _aBK
905 _aluisgm
942 _cTESIS
949 _aTesis
_bBC
_cTES
_d33724002058040
_eTS1
_gDonaciØn
_h48432
_i106964
_sb
999 _c95342
_d95342